Nhân giống cây bằng nuôi cấy mô

Nội dung tài liệu giới thiệu kỹ thuật nhân giống cây bằng nuôi cấy mô bao gồm 5 chương: chương I Trang bị phòng cấy mô, chương 2 Đơn vị chỉ nồng độ, chương 3 Vô trùng nơi cấy, chương 4 Nhân giống cây bằng nuôi cấy mô, chương 5 Nhân giô...

Descrición completa

Gardado en:
Detalles Bibliográficos
Autor Principal: Bùi, Bá Bổng
Formato: Libro
Idioma:Undetermined
Publicado: An Giang Sở Khoa học Công nghệ và Môi trường An Giang 1995
Những chủ đề:
Các nhãn: Engadir etiqueta
Sen Etiquetas, Sexa o primeiro en etiquetar este rexistro!
Thư viện lưu trữ: Trung tâm Học liệu Trường Đại học Cần Thơ
LEADER 00966nam a2200193Ia 4500
001 CTU_139014
008 210402s9999 xx 000 0 und d
082 |a 631.53 
082 |b B455 
100 |a Bùi, Bá Bổng 
245 0 |a Nhân giống cây bằng nuôi cấy mô 
245 0 |c Bùi Bá Bổng 
260 |a An Giang 
260 |b Sở Khoa học Công nghệ và Môi trường An Giang 
260 |c 1995 
520 |a Nội dung tài liệu giới thiệu kỹ thuật nhân giống cây bằng nuôi cấy mô bao gồm 5 chương: chương I Trang bị phòng cấy mô, chương 2 Đơn vị chỉ nồng độ, chương 3 Vô trùng nơi cấy, chương 4 Nhân giống cây bằng nuôi cấy mô, chương 5 Nhân giống cây sạch bệnh 
650 |a Plant propagation 
904 |i Trúc 
980 |a Trung tâm Học liệu Trường Đại học Cần Thơ